000 00692nam a2200229Ia 4500
003 OSt
005 20230522155006.0
008 210423s2002 xx 000 0 und d
040 _cAL
041 _aeng
082 _a323
_223
_bIIHR
100 _aINDIAN INSTITUTE OF HUMAN RIGHTS
_9110690
245 _aRole of amnesty red cross and national human right commision
260 _aNew Delhi
_bIndian Institute of Human Rights
_c2002
300 _a1,100
365 _b250
_cINR
440 _v4B.2
650 _aCivil & Political Rights
_9110691
650 _aPolitical Science
_9110692
906 _aamnesty ; commision ; cross ; human ; national ; red ; right ; Role
942 _2ddc
_cBK
999 _c172755
_d172755